[Event "GER-ch U10"]
[Site "Winterberg"]
[Date "2002.05.22"]
[Round "7"]
[White "Belger, Christian"]
[Black "Hobusch, Alexander"]
[Result "1-0"]
[WhiteElo "1155"]
[BlackElo "1531"]
[PlyCount "79"]
[EventDate "2002.05.19"]
[EventType "swiss"]
[EventRounds "11"]
[EventCountry "GER"]
[SourceTitle "CBM 088 Extra"]
[Source "ChessBase"]
[SourceDate "2002.07.01"]
[SourceVersion "2"]
[SourceVersionDate "2002.07.01"]
[SourceQuality "1"]

1. e4 e6 2. d4 d5 3. exd5 exd5 4. Nc3 c6 5. Bd3 Bd6 6. Be3 Ne7 7. a3 0-0 8. Nf3 Bf5 9. 0-0 Nd7 10. Qd2 Bxd3 11. Qxd3 Ng6 12. Qf5 Nf6 13. Bg5 Kh8 14. Ne5 Ne7 15. Qf3 Neg8 16. Rfe1 Qb6 17. Qd3 Qc7 18. Re3 Ne4 19. Bh4 f5 20. f4 Nh6 21. Rf1 Nf7 22. Ne2 Rfe8 23. c3 h6 24. Nxf7+ Qxf7 25. g4 g5 26. fxg5 hxg5 27. Rxf5 Qg6 28. Bg3 Bxg3 29. Nxg3 Qh7 30. Nxe4 dxe4 31. Rxe4 Rxe4 32. Qxe4 Qh3 33. Qe5+ Kg8 34. Rxg5+ Kf8 35. Rf5+ Kg8 36. Qe6+ Kg7 37. Qf7+ Kh6 38. Rh5+ Qxh5 39. gxh5 Rb8 40. Qg6# 1-0